
Library Catalogue

| 000 -LEADER | |
|---|---|
| fixed length control field | 01325nam a22001937a 4500 |
| 005 - DATE AND TIME OF LATEST TRANSACTION | |
| control field | 20250708140945.0 |
| 008 - FIXED-LENGTH DATA ELEMENTS--GENERAL INFORMATION | |
| fixed length control field | 250708b |||||||| |||| 00| 0 eng d |
| 020 ## - INTERNATIONAL STANDARD BOOK NUMBER | |
| International Standard Book Number | 9789364553933 (Paperback) |
| 082 ## - DEWEY DECIMAL CLASSIFICATION NUMBER | |
| Classification number | 346.066 |
| 110 ## - MAIN ENTRY--CORPORATE NAME | |
| Corporate name or jurisdiction name as entry element | Taxmann |
| 245 ## - TITLE STATEMENT | |
| Title | Company law ready reckoner / |
| Statement of responsibility, etc. | By Taxmann's Editorial Board |
| 250 ## - EDITION STATEMENT | |
| Edition statement | 16th |
| 260 ## - PUBLICATION, DISTRIBUTION, ETC. | |
| Place of publication, distribution, etc. | New Delhi |
| Name of publisher, distributor, etc. | Taxmann Publication |
| Date of publication, distribution, etc. | 2025 |
| 300 ## - PHYSICAL DESCRIPTION | |
| Extent | 776 pages |
| Dimensions | 24 cm. |
| 365 ## - TRADE PRICE | |
| Price amount | Rs. 2345.00 |
| 520 ## - SUMMARY, ETC. | |
| Summary, etc. | This book provides a detailed, topic-wise commentary on the Companies Act, offering in-depth coverage of over 40 critical topics. It combines comprehensive analysis with judicial precedents, case laws, rules, notifications, and procedural guidelines. Key focus areas include incorporation, capital management, corporate governance, directors' responsibilities, and shareholder rights. It also delves into specialised entities such as private, government, and foreign companies, alongside step-by-step guides for MCA-21 e-Governance and compliance procedures. This book is an indispensable resource for mastering company law, designed for corporate professionals, legal practitioners, and academicians. |
| 856 ## - ELECTRONIC LOCATION AND ACCESS | |
| Uniform Resource Identifier | <a href="https://cdn.taxmann.com/BookshopFiles/bookfiles/1733989721883_9789364553933_content.pdf">https://cdn.taxmann.com/BookshopFiles/bookfiles/1733989721883_9789364553933_content.pdf</a> |
| Public note | Click here to see Table of Contents |
| 942 ## - ADDED ENTRY ELEMENTS (KOHA) | |
| Source of classification or shelving scheme | Dewey Decimal Classification |
| Koha item type | BOOKs |
| Withdrawn status | Lost status | Source of classification or shelving scheme | Materials specified (bound volume or other part) | Damaged status | Not for loan | Home library | Current library | Shelving location | Date acquired | Source of acquisition | Cost, normal purchase price | Total Checkouts | Total Renewals | Full call number | Barcode | Date last seen | Date last checked out | Price effective from | Koha item type | Public note |
|---|---|---|---|---|---|---|---|---|---|---|---|---|---|---|---|---|---|---|---|---|
| Dewey Decimal Classification | PB | NLS | NLS | General Stacks | 08/07/2025 | Purchased - Taxmann Publications | 2345.00 | 2 | 5 | 346.066 TAX - 1 | 40246 | 12/04/2026 | 18/03/2026 | 08/07/2025 | BOOKs | Recommended by Mr. Siddharth Raja | ||||
| Dewey Decimal Classification | PB | NLS | NLS | General Stacks | 08/07/2025 | Purchased - Taxmann Publications | 2345.00 | 346.066 TAX - 2 | 40247 | 08/07/2025 | 08/07/2025 | BOOKs | Recommended by Mr. Siddharth Raja |